[Event "Titled Tue 17th Jun Early"]
[Site "chess.com INT"]
[Date "2025.06.17"]
[Round "2"]
[White "Nakonechnyi, Oleksii"]
[Black "Matveeva, Olga"]
[Result "1/2-1/2"]
[WhiteTitle "CM"]
[BlackTitle "WIM"]
[WhiteElo "2222"]
[BlackElo "2177"]
[WhiteFideId "34173714"]
[BlackFideId "24107018"]
[EventDate "2025.06.17"]

1. e4 c6 2. d4 d5 3. Nd2 dxe4 4. Nxe4 Nf6 5. Ng3 Bg4 6. Be2 Bxe2 7. N1xe2 e6 8.
O-O c5 9. Bg5 cxd4 10. Qxd4 Qxd4 11. Nxd4 Be7 12. Nb5 Na6 13. c3 O-O 14. Rad1
Rfd8 15. Bxf6 Bxf6 16. Ne4 Be7 17. Rfe1 Kf8 18. Kf1 Nc5 19. Nxc5 Bxc5 20. Ke2
Ke7 21. b4 Bb6 22. a4 a6 23. Na3 Rxd1 24. Rxd1 Rd8 25. Rxd8 Bxd8 26. Nc4 f6 27.
Kd3 e5 28. f3 Ke6 29. Nd2 f5 30. Nb3 Be7 31. Kc4 b6 32. Kd3 g5 33. Nd2 h5 34.
Nc4 Bd8 35. Nd2 Be7 36. Kc4 g4 37. Nb3 h4 38. h3 gxh3 39. gxh3 Bf6 40. Kd3 Be7
41. a5 b5 42. Na1 Kd5 43. Nc2 e4+ 44. fxe4+ fxe4+ 45. Kd2 Bg5+ 46. Ke2 Kc4 47.
Nd4 Kxc3 48. Nxb5+ Kxb4 49. Nd6 Kxa5 50. Nxe4 Bd8 51. Kd3 Kb4 52. Nc3 a5 53.
Nd5+ Kc5 54. Nc3 Kb4 55. Nd5+ Kb3 56. Ne3 a4 57. Nc2 a3 58. Nxa3 Kxa3 59. Ke2
Kb3 60. Kf1 Kc3 61. Kg1 Kd3 62. Kh1 Ke3 63. Kg2 Ke2 64. Kh1 Kf2 65. Kh2 Kf3 66.
Kh1 Kg3 67. Kg1 Kxh3 68. Kh1 Kg3 69. Kg1 h3 70. Kh1 h2 1/2-1/2

[Event "Titled Tue 17th Jun Early"]
[Site "chess.com INT"]
[Date "2025.06.17"]
[Round "2"]
[White "Sapocinic, Semion"]
[Black "Preobrazhenskaya, Diana"]
[Result "1-0"]
[WhiteTitle "FM"]
[BlackTitle "WFM"]
[WhiteElo "2296"]
[BlackElo "2005"]
[WhiteFideId "13908693"]
[BlackFideId "34270566"]
[EventDate "2025.06.17"]

1. d4 Nf6 2. c4 e6 3. Nf3 b6 4. a3 Bb7 5. Nc3 Be7 6. d5 exd5 7. cxd5 d6 8. e4
Nbd7 9. Bd3 O-O 10. O-O Re8 11. Re1 Bf8 12. Bg5 h6 13. Bh4 Nc5 14. Bb5 Ncd7 15.
Bxd7 Qxd7 16. Bxf6 gxf6 17. Nd4 Kh8 18. Nf5 Bg7 19. Qh5 Kh7 20. Re3 Re5 21. f4
Rxf5 22. exf5 Re8 23. Rae1 Rxe3 24. Rxe3 c6 25. Qg4 Qd8 26. dxc6 Bxc6 27. Qe2 d5
28. Rd3 d4 29. Qf2 Bf8 30. b4 Qc8 31. Qxd4 Qxf5 32. Rd2 Qg4 33. h3 Qg7 34. Qd3+
Kh8 35. Kh2 f5 36. Nd5 Bd6 37. Qxf5 Bxd5 38. Rxd5 1-0

[Event "Titled Tue 17th Jun Early"]
[Site "chess.com INT"]
[Date "2025.06.17"]
[Round "2"]
[White "Hansen, Eric"]
[Black "Tang, Dylan"]
[Result "1-0"]
[WhiteTitle "GM"]
[BlackTitle "FM"]
[WhiteElo "2609"]
[BlackElo "2236"]
[WhiteFideId "2606771"]
[BlackFideId "30972531"]
[EventDate "2025.06.17"]

1. e4 e5 2. Nf3 Nc6 3. Bb5 Nf6 4. d3 Bc5 5. c3 O-O 6. O-O d5 7. Nbd2 dxe4 8.
dxe4 Qe7 9. h3 a5 10. Qc2 Nb8 11. b3 c6 12. Bd3 Rd8 13. Nc4 Nbd7 14. a4 Bd6 15.
Nxd6 Qxd6 16. Ba3 Qc7 17. Rad1 Nf8 18. Rfe1 h6 19. b4 Be6 20. Bf1 Ng6 21. Bb2
Nd7 22. Bc1 Nb6 23. Be3 Nc4 24. Bc1 Nb6 25. Rxd8+ Qxd8 26. Be3 axb4 27. cxb4
Nxa4 28. Ra1 b5 29. Qxc6 Rc8 30. Qxb5 Nc3 31. Qb7 Rb8 32. Qc6 Rc8 33. Qb6 Qxb6
34. Bxb6 Nxe4 35. b5 Nf4 36. Nxe5 Nc3 37. Nc6 Bd7 38. Ne7+ 1-0

[Event "Titled Tue 17th Jun Early"]
[Site "chess.com INT"]
[Date "2025.06.17"]
[Round "2"]
[White "Begunov, Konstantin"]
[Black "Kozak, Magdalena"]
[Result "0-1"]
[WhiteTitle "FM"]
[BlackTitle "WIM"]
[WhiteElo "2325"]
[BlackElo "2176"]
[WhiteFideId "4118510"]
[BlackFideId "1124757"]
[EventDate "2025.06.17"]

1. d4 Nf6 2. c4 e6 3. Nf3 Bb4+ 4. Nbd2 d5 5. a3 Be7 6. Qc2 b6 7. cxd5 exd5 8.
Ne5 O-O 9. Ndf3 Ba6 10. Bf4 c5 11. dxc5 bxc5 12. Rd1 Qb6 13. g4 Nc6 14. g5 Nh5
15. Bc1 Rad8 16. Bh3 Nxe5 17. Nxe5 Qd6 18. Nd3 d4 19. O-O Bb7 20. b4 Qd5 21. f3
c4 22. Nc5 Bxc5 23. bxc5 Qxc5 24. Bg4 d3+ 25. Kg2 dxc2 26. Rxd8 Rxd8 27. Bxh5 g6
28. Bg4 Rd1 29. h4 Rxf1 30. Kxf1 Qd5 31. Kf2 Qd1 32. Be3 c1=Q 33. Bxc1 Qxc1 34.
h5 gxh5 35. Bxh5 c3 36. Bg4 c2 37. Bf5 Qd1 0-1

[Event "Titled Tue 17th Jun Early"]
[Site "chess.com INT"]
[Date "2025.06.17"]
[Round "2"]
[White "Harshit, Ranjan Sahu"]
[Black "Frempong-Smart Daniel"]
[Result "1-0"]
[WhiteTitle "CM"]
[BlackTitle "CM"]
[WhiteElo "2191"]
[BlackElo "1841"]
[WhiteFideId "25638815"]
[BlackFideId "12601659"]
[EventDate "2025.06.17"]

1. e4 d5 2. exd5 Qxd5 3. Nc3 Qd6 4. Nf3 Nf6 5. d4 a6 6. Be2 Nc6 7. Be3 Bg4 8.
Qd2 O-O-O 9. h3 Bh5 10. O-O-O e6 11. Kb1 Qb4 12. Qd3 Bg6 13. Qc4 Qxc4 14. Bxc4
Bb4 15. d5 Na5 16. Be2 Bxc3 17. bxc3 Nxd5 18. Bd4 f6 19. Kb2 e5 20. Bc5 Nf4 21.
Rde1 Nxg2 22. Reg1 Nf4 23. Bd1 Nc4+ 24. Kb3 b5 25. Be3 Nd5 26. Bc1 Na5+ 27. Kb2
Nb7 28. Nh4 Nc5 29. Nxg6 Na4+ 30. Ka1 hxg6 31. Rxg6 Ndxc3 32. Bg4+ Kb8 33. Rxg7
Rdg8 34. Rxg8+ Rxg8 35. Be6 Re8 36. Bf5 Ne2 37. Be3 Nd4 38. Bg6 Rg8 39. Bf7 Rg7
40. Bb3 Nxc2+ 41. Bxc2 Nc3 42. h4 Nd5 43. h5 Rg8 44. h6 Rh8 45. h7 Kc8 46. Rg1 1-0

[Event "Titled Tue 17th Jun Early"]
[Site "chess.com INT"]
[Date "2025.06.17"]
[Round "2"]
[White "Hoang, Thi Bao Tram"]
[Black "Matinian, Nikita"]
[Result "0-1"]
[WhiteTitle "WGM"]
[BlackTitle "GM"]
[WhiteElo "2163"]
[BlackElo "2421"]
[WhiteFideId "12401102"]
[BlackFideId "24129100"]
[EventDate "2025.06.17"]

1. c4 e5 2. Nc3 Nc6 3. g3 Nf6 4. Bg2 Bb4 5. d3 O-O 6. Bd2 Re8 7. Nf3 Bxc3 8.
Bxc3 e4 9. Ng5 e3 10. O-O Ng4 11. f4 h6 12. Nf3 d6 13. b4 Nf2 14. Qc1 Bh3 15. b5
Bxg2 16. Kxg2 Nb8 17. Bd4 Qe7 18. h3 Nd7 19. Bxe3 Nxd3 20. exd3 Qxe3 21. Qxe3
Rxe3 22. Rad1 Rae8 23. Rf2 Nc5 24. Rfd2 a6 25. Kf2 axb5 26. cxb5 R3e7 27. Nd4
Ra8 28. Re2 Rxe2+ 29. Kxe2 Rxa2+ 30. Ke3 h5 31. g4 Rh2 32. gxh5 Rxh3+ 33. Nf3
Rxh5 34. b6 cxb6 35. Rb1 Nd7 36. Rc1 Rc5 37. Ra1 Ra5 38. Rc1 Nc5 39. Nd4 g6 40.
f5 Kg7 41. Rf1 Nd7 42. fxg6 Re5+ 43. Kd2 Kxg6 44. Rc1 Nc5 45. Rb1 Rd5 46. Ke3 f5
47. Rxb6 f4+ 48. Kxf4 Rxd4+ 0-1

[Event "Titled Tue 17th Jun Early"]
[Site "chess.com INT"]
[Date "2025.06.17"]
[Round "2"]
[White "Piesik, Piotr"]
[Black "Mikhailova, Irina"]
[Result "1-0"]
[WhiteTitle "IM"]
[BlackTitle "WGM"]
[WhiteElo "2436"]
[BlackElo "2143"]
[WhiteFideId "1136194"]
[BlackFideId "4109040"]
[EventDate "2025.06.17"]

1. Nf3 Nf6 2. g3 g6 3. Bg2 Bg7 4. O-O O-O 5. d4 d5 6. c4 c6 7. Nc3 dxc4 8. a4 a5
9. e3 Na6 10. Ne5 Be6 11. Qe2 c5 12. Rd1 cxd4 13. exd4 Nd5 14. Nxc4 Nab4 15. Ne4
Nb6 16. b3 Bd5 17. Ba3 Nc6 18. Bc5 Nxc4 19. bxc4 Bxe4 20. Qxe4 Rc8 21. Rab1 Qd7
22. Bb6 e6 23. d5 exd5 24. cxd5 Ne5 25. d6 Nc4 26. Bc7 Ne5 27. Rxb7 Rfe8 28. h3
h6 29. Qb1 Nc4 30. Qb5 1-0

[Event "Titled Tue 17th Jun Early"]
[Site "chess.com INT"]
[Date "2025.06.17"]
[Round "2"]
[White "Suvradeepta, Das"]
[Black "Shukhman, Anna"]
[Result "0-1"]
[WhiteTitle "FM"]
[BlackTitle "WGM"]
[WhiteElo "2230"]
[BlackElo "2413"]
[WhiteFideId "5058031"]
[BlackFideId "54180058"]
[EventDate "2025.06.17"]

1. d4 d5 2. Bf4 Nf6 3. Nd2 Bf5 4. e3 e6 5. Ngf3 c5 6. c3 Nc6 7. Be2 Qb6 8. b3
Be7 9. Nh4 cxd4 10. Nxf5 dxc3 11. Nxg7+ Kd7 12. Nb1 Qc5 13. Qc1 c2 14. Nd2 Rhg8
15. Nh5 Nxh5 16. Bxh5 Rxg2 17. Bg3 Nb4 18. Be2 Bf6 19. a3 Bxa1 20. axb4 Qc3 21.
Kf1 Rxg3 22. hxg3 Bb2 23. Bb5+ Ke7 24. Nb1 Qxb3 25. Qd2 cxb1=Q+ 0-1

[Event "Titled Tue 17th Jun Early"]
[Site "chess.com INT"]
[Date "2025.06.17"]
[Round "2"]
[White "Deboushnik De"]
[Black "Zong, Davis"]
[Result "1-0"]
[WhiteTitle "CM"]
[BlackTitle "FM"]
[WhiteElo "2272"]
[BlackElo "2242"]
[WhiteFideId "25768778"]
[BlackFideId "30903955"]
[EventDate "2025.06.17"]

1. e4 e5 2. Nf3 Nc6 3. d4 exd4 4. Nxd4 Nf6 5. Nxc6 bxc6 6. e5 Qe7 7. Qe2 Nd5 8.
c4 Ba6 9. b3 g6 10. f4 Bg7 11. Qf2 Nb6 12. Ba3 Qe6 13. Nd2 d6 14. O-O-O dxe5 15.
Ne4 Nd7 16. Ng5 Qf6 17. Ne4 Qxf4+ 18. Qxf4 exf4 19. Rxd7 Kxd7 20. Nc5+ Kc8 21.
Nxa6 Re8 22. Bd3 Kb7 23. Nc5+ Kb6 24. Kc2 Rad8 25. Na4+ Kb7 26. Bc1 g5 27. h4 h6
28. hxg5 hxg5 29. Rh7 Rg8 30. c5 Rde8 31. Bb2 Bxb2 32. Nxb2 Re1 33. Rxf7 Rge8
34. Nc4 Rg1 35. Nd6+ Kb8 36. Nxe8 Rxg2+ 37. Kc3 1-0

[Event "Titled Tue 17th Jun Early"]
[Site "chess.com INT"]
[Date "2025.06.17"]
[Round "2"]
[White "Shermuhammadov, Samandar"]
[Black "Terlouw, Wouter"]
[Result "1-0"]
[WhiteTitle "FM"]
[BlackTitle "CM"]
[WhiteElo "2110"]
[BlackElo "2196"]
[WhiteFideId "14205602"]
[BlackFideId "1087401"]
[EventDate "2025.06.17"]

1. e4 c6 2. Nf3 d5 3. d3 Bg4 4. Be2 e6 5. h3 Bxf3 6. Bxf3 Nf6 7. O-O Nbd7 8. Qe2
Bd6 9. Nc3 O-O 10. d4 dxe4 11. Nxe4 Nxe4 12. Bxe4 h6 13. c3 Nf6 14. Bc2 c5 15.
Rd1 cxd4 16. Rxd4 Qc7 17. Be3 Nd5 18. Rad1 Nxe3 19. Qxe3 Bc5 20. Qe4 g6 21. Rd7
Qb6 22. Rxb7 Bxf2+ 23. Kf1 Qe3 24. Qxe3 Bxe3 25. Rdd7 Rad8 26. Ke2 Bb6 27. a4
Rxd7 28. Rxd7 Rd8 29. Rb7 Rd5 30. b4 Re5+ 31. Kd2 Be3+ 32. Kd3 Bg5 33. Rxa7 Re3+
34. Kc4 Bf6 35. Kb5 Rxc3 36. Be4 Rb3 37. Rb7 Rb2 38. a5 Bd4 39. a6 Ra2 40. Bc6
e5 41. Be8 f5 42. Bxg6 f4 43. Bf7+ Kf8 44. Bxa2 1-0

[Event "Titled Tue 17th Jun Early"]
[Site "chess.com INT"]
[Date "2025.06.17"]
[Round "2"]
[White "Peatman, Carter"]
[Black "Vaganian, Rafael A"]
[Result "0-1"]
[BlackTitle "GM"]
[WhiteElo "2082"]
[BlackElo "2449"]
[WhiteFideId "2096480"]
[BlackFideId "13300016"]
[EventDate "2025.06.17"]

1. d4 Nf6 2. Bf4 d6 3. e3 Nbd7 4. Nf3 c6 5. Nbd2 g6 6. h3 Bg7 7. Be2 O-O 8. Bh2
b5 9. a4 b4 10. O-O a5 11. c3 c5 12. cxb4 axb4 13. Qc2 Bb7 14. Rad1 Qc7 15. Nb3
Rfc8 16. dxc5 Nxc5 17. Nxc5 Qxc5 18. Qxc5 Rxc5 19. b3 Ne4 20. Rc1 Nc3 21. Bc4
Bxf3 22. gxf3 Rac8 23. Kg2 Nxa4 24. Rcd1 Nb2 25. Rb1 Nxc4 26. bxc4 Rxc4 27. Rfd1
Rb8 28. Rb3 Rc3 29. Rdb1 Rxb3 30. Rxb3 Bc3 31. e4 Ra8 32. Bf4 Ra3 33. Rb1 b3 34.
Bh6 b2 35. e5 Ra1 36. exd6 Rxb1 37. dxe7 Re1 38. Be3 Rxe3 0-1

[Event "Titled Tue 17th Jun Early"]
[Site "chess.com INT"]
[Date "2025.06.17"]
[Round "2"]
[White "Cordeiro, Marco Aurelio Zaror"]
[Black "Bratovic, Blaz"]
[Result "1/2-1/2"]
[BlackTitle "IM"]
[WhiteElo "2056"]
[BlackElo "2319"]
[WhiteFideId "2117991"]
[BlackFideId "14603551"]
[EventDate "2025.06.17"]

1. e4 c6 2. d4 d5 3. e5 c5 4. dxc5 Nc6 5. f4 Nh6 6. c3 Bg4 7. Be2 Bxe2 8. Nxe2
a5 9. Be3 e6 10. Na3 Ng4 11. Bg1 Qh4+ 12. g3 Qh3 13. Nd4 Qg2 14. Qxg4 Nxd4 15.
O-O-O Ne2+ 16. Kb1 Nxc3+ 17. bxc3 Qxh1 18. Nb5 Qe4+ 19. Ka1 Rc8 20. Bd4 h5 21.
Qh4 Qc2 22. Rb1 Bxc5 23. Bxc5 Rxc5 24. Nd6+ Kd7 25. Rxb7+ Kc6 26. Rc7+ Kb6 27.
Rb7+ Ka6 28. Ra7+ Kb6 29. Rb7+ Kc6 30. Rc7+ Kb6 31. Rb7+ 1/2-1/2

[Event "Titled Tue 17th Jun Early"]
[Site "chess.com INT"]
[Date "2025.06.17"]
[Round "2"]
[White "Jammalamadaka, Vihaan"]
[Black "Gunnarsson, Arnar"]
[Result "0-1"]
[WhiteTitle "CM"]
[BlackTitle "IM"]
[WhiteElo "2018"]
[BlackElo "2409"]
[WhiteFideId "30977134"]
[BlackFideId "2300915"]
[EventDate "2025.06.17"]

1. d4 f5 2. Nc3 Nf6 3. Nf3 e6 4. Bd2 d5 5. a3 Bd6 6. Bg5 h6 7. Bxf6 Qxf6 8. e3
c6 9. Be2 Nd7 10. Qd2 e5 11. dxe5 Nxe5 12. O-O-O O-O 13. Nxd5 cxd5 14. Qxd5+ Nf7
15. Nd4 Kh8 16. h4 Be5 17. Bf3 Rb8 18. Kb1 Rd8 19. Qb3 Bxd4 20. exd4 Be6 21. d5
Bd7 22. Rhe1 b6 23. Qb4 Nd6 24. Qf4 Re8 25. Bh5 Re4 26. Rxe4 fxe4 27. Qe3 Qxh4
28. Be2 Rf8 29. f3 Qf4 30. Qc3 exf3 31. Bxf3 Ne4 32. Qb4 Ng5 33. Rd4 Qf6 34. d6
Nxf3 35. gxf3 Qxf3 36. b3 Qf1+ 37. Kb2 Qf6 38. Qc3 Rc8 39. Qd2 Re8 40. Qc3 Re6
41. b4 Rxd6 42. Rxd6 Qxd6 43. Qf3 Qf6+ 0-1

[Event "Titled Tue 17th Jun Early"]
[Site "chess.com INT"]
[Date "2025.06.17"]
[Round "2"]
[White "Bharath, Subramaniyam H"]
[Black "Gu, Xiaobing"]
[Result "1-0"]
[WhiteTitle "GM"]
[BlackTitle "WGM"]
[WhiteElo "2558"]
[BlackElo "2148"]
[WhiteFideId "46634827"]
[BlackFideId "8602611"]
[EventDate "2025.06.17"]

1. c4 Nf6 2. Nc3 g6 3. d4 Bg7 4. e4 d6 5. h3 O-O 6. Be3 e5 7. d5 a5 8. g4 Na6 9.
Nge2 Nd7 10. Ng3 Ndc5 11. h4 Bd7 12. h5 Bf6 13. Qd2 a4 14. g5 Bg7 15. f3 f5 16.
hxg6 f4 17. Bxc5 Qxg5 18. Bf2 hxg6 19. O-O-O a3 20. b3 Nc5 21. Nge2 b5 22. cxb5
Rfb8 23. Bxc5 dxc5 24. Bh3 Bxb5 25. Be6+ Kf8 26. Rdg1 Qf6 27. Rg2 c4 28. b4 Be8
29. b5 Qe7 30. Rhg1 c6 31. Rxg6 Bxg6 32. Rxg6 cxb5 33. d6 Qd8 34. Nxf4 b4 35.
Bd5 bxc3 36. Ne6+ Ke8 37. Bc6+ Kf7 38. Rxg7+ Kxe6 39. Qd5+ Kf6 40. Qf7# 1-0

[Event "Titled Tue 17th Jun Early"]
[Site "chess.com INT"]
[Date "2025.06.17"]
[Round "2"]
[White "Panda, Sambit"]
[Black "Drozdowski, Kacper"]
[Result "1-0"]
[WhiteTitle "IM"]
[BlackTitle "IM"]
[WhiteElo "2379"]
[BlackElo "2450"]
[WhiteFideId "25091794"]
[BlackFideId "1136720"]
[EventDate "2025.06.17"]

1. d4 Nf6 2. Nf3 e6 3. e3 b6 4. c4 Bb7 5. Bd3 Bb4+ 6. Nc3 O-O 7. O-O d5 8. cxd5
exd5 9. Ne5 c5 10. a3 Bxc3 11. bxc3 Nbd7 12. f4 Ne4 13. Bd2 Nxe5 14. fxe5 Rc8
15. Be1 Qg5 16. Rf4 cxd4 17. cxd4 Rc7 18. Bh4 Qh6 19. Qg4 Rfc8 20. Raf1 Qe6 21.
Qh5 Qg6 22. Qf3 h5 23. Be1 a5 24. Rf5 Rc1 25. Rxh5 Rf8 26. Qh3 f5 27. Rh8+ Kf7
28. Rxf5+ Ke7 29. Rfxf8 Rxe1+ 30. Bf1 Ba6 31. e6 Qg5 32. Rf7+ Kd6 33. e7 Bxf1
34. e8=N+ Kc6 35. Qd7# 1-0

[Event "Titled Tue 17th Jun Early"]
[Site "chess.com INT"]
[Date "2025.06.17"]
[Round "2"]
[White "Samunenkov, Ihor"]
[Black "Khanbutaev, Artemii"]
[Result "1-0"]
[WhiteTitle "GM"]
[WhiteElo "2562"]
[BlackElo "2139"]
[WhiteFideId "14187086"]
[BlackFideId "55747175"]
[EventDate "2025.06.17"]

1. e4 e5 2. Nf3 Nc6 3. Bb5 a6 4. Ba4 Nf6 5. Nc3 Be7 6. d3 b5 7. Bb3 d6 8. a3 O-O
9. h3 Rb8 10. Be3 Na5 11. Ba2 c5 12. Nd5 Nc6 13. c3 Be6 14. O-O h6 15. b4 a5 16.
bxc5 dxc5 17. Nxf6+ Bxf6 18. Bxe6 fxe6 19. Bxc5 Rf7 20. Qe2 Qc7 21. Rab1 Be7 22.
d4 Bxc5 23. dxc5 b4 24. cxb4 axb4 25. axb4 Nxb4 26. Qc4 Nc6 27. Qxe6 Rf8 28. Rb6
Nd4 29. Nxd4 exd4 30. Qd5 Kh8 31. Qxd4 Rd8 32. Rxh6+ Kg8 33. Rd6 Rc8 34. Rc1 Rf6
35. Rxf6 gxf6 36. Qxf6 Rf8 37. Qg6+ Kh8 38. Qh6+ Kg8 39. Rc3 1-0

[Event "Titled Tue 17th Jun Early"]
[Site "chess.com INT"]
[Date "2025.06.17"]
[Round "2"]
[White "Klys, Kacper"]
[Black "Henriquez Villagra, Cristobal"]
[Result "0-1"]
[WhiteTitle "CM"]
[BlackTitle "GM"]
[WhiteElo "2218"]
[BlackElo "2597"]
[WhiteFideId "21005281"]
[BlackFideId "3409350"]
[EventDate "2025.06.17"]

1. Nf3 d5 2. d4 c6 3. Bf4 Bf5 4. Nbd2 e6 5. e3 a5 6. c4 a4 7. h3 h6 8. Qc1 Bb4
9. Be2 Nf6 10. Bh2 Nbd7 11. O-O O-O 12. Ne5 a3 13. b3 Qa5 14. Nb1 Nxe5 15. Bxe5
Ne4 16. Bd3 Ng3 17. fxg3 Bxd3 18. Rf3 f6 19. Bf4 Be4 20. Rf1 e5 21. dxe5 Rae8
22. exf6 Rxf6 23. h4 Ref8 24. Rd1 g5 25. hxg5 hxg5 26. Nd2 Bxd2 27. Rxd2 gxf4
28. gxf4 R8f7 29. cxd5 Bxd5 30. Re2 Be4 31. Qc4 Qf5 32. Rd1 Bd5 33. Qd4 Re6 34.
Rde1 Re4 35. Qd3 Qh5 36. Rf2 Rh7 37. Kf1 Qg4 38. Rf3 Re6 39. Kf2 0-1

[Event "Titled Tue 17th Jun Early"]
[Site "chess.com INT"]
[Date "2025.06.17"]
[Round "2"]
[White "Salinas Herrera, Pablo"]
[Black "Herpai, Jozsef Matyas"]
[Result "1-0"]
[WhiteTitle "GM"]
[BlackTitle "CM"]
[WhiteElo "2447"]
[BlackElo "2056"]
[WhiteFideId "3407128"]
[BlackFideId "786179"]
[EventDate "2025.06.17"]

1. d4 Nf6 2. Nf3 g6 3. Bg5 Bg7 4. Nbd2 d5 5. e3 O-O 6. Be2 c5 7. c3 Nc6 8. O-O
b6 9. a4 Bb7 10. Rb1 h6 11. Bh4 Ne4 12. Nxe4 dxe4 13. Nd2 f5 14. b4 cxb4 15.
cxb4 g5 16. Bg3 f4 17. exf4 gxf4 18. Bh4 Nxd4 19. Bc4+ Kh8 20. Nb3 Rc8 21. Nxd4
Bxd4 22. Be6 Rc6 23. Bxe7 Qxe7 24. Qxd4+ Qf6 25. Qxf6+ Rxf6 26. Bd5 Rc7 27. Bxb7
Rxb7 28. Rfd1 Rc7 29. Rd4 Re6 30. Re1 e3 31. f3 Rf7 32. Rc1 Kg7 33. Kf1 Kg6 34.
Ke2 Kg5 35. Rcc4 Rf5 36. g3 fxg3 37. hxg3 Kg6 38. g4 Rf7 39. Rd5 Ree7 40. Rc6+
Kg7 41. Rdd6 Kf8 42. Rxh6 Ke8 43. Rhd6 Re5 44. Rd4 a5 45. b5 Rc5 46. Rxc5 bxc5
47. Rd5 Re7 48. Rxc5 1-0

[Event "Titled Tue 17th Jun Early"]
[Site "chess.com INT"]
[Date "2025.06.17"]
[Round "2"]
[White "Mesquita, Eduardo Barbosa"]
[Black "Parfenov, Viktor N."]
[Result "1-0"]
[BlackTitle "CM"]
[WhiteElo "2014"]
[BlackElo "2193"]
[WhiteFideId "22757163"]
[BlackFideId "4165969"]
[EventDate "2025.06.17"]

1. e4 e5 2. Nf3 Nc6 3. Bb5 a6 4. Ba4 Nf6 5. d3 d6 6. O-O g6 7. Bg5 h6 8. Be3 Bg7
9. Nbd2 Ng4 10. Qe2 O-O 11. h3 Nxe3 12. fxe3 Be6 13. c4 Kh7 14. Rf2 f5 15. Raf1
f4 16. Ne1 fxe3 17. Qxe3 Qe7 18. Bd1 Rxf2 19. Rxf2 b5 20. b3 Nd4 21. Nc2 bxc4
22. dxc4 a5 23. Nxd4 exd4 24. Qd3 c5 25. Qg3 Be5 26. Qd3 Rf8 27. Rxf8 Qxf8 28.
Be2 Qf4 29. Nf1 h5 30. Qf3 Qg5 31. a3 Qc1 32. a4 Qg5 33. Bd3 Kg7 34. Be2 Bd7 35.
Bd3 Bc6 36. Qf2 Bf4 37. Qf3 Be5 38. Qf2 Qh4 39. Qxh4 1-0

[Event "Titled Tue 17th Jun Early"]
[Site "chess.com INT"]
[Date "2025.06.17"]
[Round "2"]
[White "Toktomushev, Teimur"]
[Black "Mihajlovskij, Sergei"]
[Result "1-0"]
[WhiteTitle "FM"]
[WhiteElo "2390"]
[BlackElo "2292"]
[WhiteFideId "14176726"]
[BlackFideId "13500805"]
[EventDate "2025.06.17"]

1. d4 Nf6 2. c4 g6 3. Nc3 Bg7 4. e4 d6 5. f3 O-O 6. Be3 c5 7. Nge2 Nc6 8. d5 Na5
9. b3 e6 10. Rc1 exd5 11. cxd5 a6 12. Qd2 Re8 13. Ng3 h5 14. Be2 b5 15. O-O Qb6
16. b4 Nb7 17. a4 Bd7 18. axb5 axb5 19. Nh1 Qa6 20. bxc5 Nxc5 21. Rb1 Reb8 22.
Nf2 Ne8 23. Bd4 Bxd4 24. Qxd4 Qa3 25. Bxb5 Nb3 26. Rxb3 Qxb3 27. Bxd7 Rb4 28.
Qd2 Qc4 29. Bxe8 Rxe8 30. Rc1 1-0

[Event "Titled Tue 17th Jun Early"]
[Site "chess.com INT"]
[Date "2025.06.17"]
[Round "2"]
[White "Matyakubov, Miraziz"]
[Black "Nayem, Haque"]
[Result "1-0"]
[WhiteTitle "CM"]
[BlackTitle "FM"]
[WhiteElo "2278"]
[BlackElo "2180"]
[WhiteFideId "14215772"]
[BlackFideId "10217754"]
[EventDate "2025.06.17"]

1. e4 c6 2. Nf3 d5 3. Nc3 e6 4. d4 Nf6 5. Bg5 Be7 6. e5 Nfd7 7. Bxe7 Qxe7 8. Bd3
a6 9. h4 c5 10. dxc5 Nc6 11. Qe2 Nxc5 12. Rh3 Bd7 13. Rg3 g6 14. a3 O-O-O 15. b4
Nxd3+ 16. cxd3 Na7 17. Rc1 Kb8 18. Nd4 f6 19. h5 Rhg8 20. Nb3 Ka8 21. Nc5 gxh5
22. exf6 Qf7 23. Qe5 Nc6 24. Qc7 Be8 25. Qb6 Rxg3 26. fxg3 Rb8 27. b5 Qxf6 28.
bxc6 Bxc6 29. Nxa6 Rf8 30. Ne2 Qf1+ 31. Kd2 Qxg2 32. Rxc6 bxc6 33. Nc7# 1-0

[Event "Titled Tue 17th Jun Early"]
[Site "chess.com INT"]
[Date "2025.06.17"]
[Round "2"]
[White "Yao, Hanchi"]
[Black "Claverie, Christophe"]
[Result "0-1"]
[BlackTitle "IM"]
[WhiteElo "2129"]
[BlackElo "2290"]
[WhiteFideId "30957397"]
[BlackFideId "605514"]
[EventDate "2025.06.17"]

1. d4 Nf6 2. c3 d5 3. Nf3 Bf5 4. Bf4 Nbd7 5. Nbd2 e6 6. e3 h6 7. h3 Be7 8. Qb3
Nb6 9. a4 a5 10. Be2 O-O 11. O-O Re8 12. Ne5 c6 13. g4 Bh7 14. Ndf3 Ne4 15. Bd3
g5 16. Bh2 f6 17. Qc2 fxe5 18. Nxe5 Nc8 19. f3 Ncd6 20. fxe4 dxe4 21. Be2 Qb6
22. c4 c5 23. Rad1 Rf8 24. Rxf8+ Bxf8 25. Nd7 Qc6 26. Nxc5 Nf7 27. Bf1 b6 28.
Nb3 Qxa4 29. Ra1 Qc6 30. Nd2 Bb4 31. b3 a4 32. Bg2 Bxd2 33. Qxd2 axb3 34. Rxa8+
Qxa8 35. Bd6 Qa1+ 36. Kh2 b2 37. Qf2 b1=Q 38. Qf6 Qg1+ 39. Kg3 Qae1+ 40. Qf2
Qexf2# 0-1

[Event "Titled Tue 17th Jun Early"]
[Site "chess.com INT"]
[Date "2025.06.17"]
[Round "2"]
[White "Mata Gonzalez, Jose Fernando"]
[Black "Dann, Matthias"]
[Result "1/2-1/2"]
[WhiteTitle "CM"]
[BlackTitle "IM"]
[WhiteElo "2164"]
[BlackElo "2446"]
[WhiteFideId "5107423"]
[BlackFideId "24638056"]
[EventDate "2025.06.17"]

1. e4 c5 2. Nf3 d6 3. d4 cxd4 4. Nxd4 Nf6 5. Nc3 a6 6. h3 Nc6 7. g4 Qb6 8. Nxc6
bxc6 9. Rb1 e6 10. Be3 Qc7 11. Bd3 d5 12. O-O Bd6 13. f4 dxe4 14. Nxe4 Nxe4 15.
Bxe4 O-O 16. Qd3 f5 17. Bg2 Bb7 18. Rbd1 Rad8 19. Qb3 Qc8 20. Bb6 Bc7 21. Bc5
Rxd1 22. Rxd1 Rf7 23. Qe3 fxg4 24. hxg4 Bxf4 25. Qd3 Bc7 26. Be4 g6 27. Rd2 Qb8
28. Bxg6 hxg6 29. Qxg6+ Rg7 30. Qxe6+ Rf7 31. Qg6+ Rg7 32. Qe6+ Rf7 33. Qg6+ Rg7
34. Qe6+ 1/2-1/2